[Event "AUTO-BEG-689"]
[Site "http://www.queenalice.com/game.php?id=1862209"]
[Date "2025.8.28"]
[Round "1"]
[White "TammieM3ENF"]
[Black "Yanni"]
[Result "1-0"]
[WhiteElo "1555"]
[BlackElo "1415"]

1. d4 d5 2. Nc3 e6 3. Nf3 Bb4 4. e4 Nf6 5. Bd2 dxe4 6. Ne5 Qe7 7. f3 exf3 8.
gxf3 Nh5 9. f4 h6 10. f5 Qh4+ 11. Ke2 exf5 12. a3 Nf4+ 13. Bxf4 Qxf4 14. Rg1
Qxh2+ 15. Bg2 Qh5+ 16. Kd2 Qg5+ 17. Ke1 Qe3+ 18. Qe2 Qxg1+ 19. Kd2 Qxa1 20. axb4
O-O 21. Nb5 a6 22. Nxc7 Ra7 23. c4 Qxb2+ 24. Ke3 Qb3+ 25. Qd3 Qxb4 26. d5 Qc5+
27. Qd4 Qxc7 28. c5 b5 29. d6 Qa5 30. c6 Qe1+ 31. Kf3 f6 32. Qd5+ Kh7 33. Nf7
Raxf7 34. d7 Qc3+ 35. Kf4 Kg6 36. Qxf5# 1-0